00333nam a2200133Ia 4500008004100000041000800041082001400049100000900063245004500072250001400117260003500131300002600166365000700192240624s9999 xx 000 0 und d aeng a004.6 CIS a#N/A aCISCO NETWORKING ACADEMY PROGRAM ENGINEE a(2nd ed.) c2002aDelhibPearson Education avii, : 254 : cm. ; 24 cRS